[Event "GBR-ch76"]
[Site "Plymouth"]
[Date "1989.07.31"]
[Round "1.30"]
[White "Pigott, John C"]
[Black "Hamid, Rani"]
[Result "1-0"]
[WhiteElo "2370"]
[BlackElo "2165"]
[PlyCount "77"]
[EventDate "1989.07.31"]
[EventType "swiss"]
[EventRounds "11"]
[EventCountry "GBR"]
[SourceTitle "BritBase"]
[Source "John Saunders"]
[SourceDate "2023.12.16"]
[SourceVersion "1"]
[SourceVersionDate "2023.12.16"]
[SourceQuality "1"]

1. c4 Nf6 2. Nc3 c5 3. g3 Nc6 4. Bg2 g6 5. e3 Bg7 6. Nge2 d6 7. O-O O-O 8. d4
cxd4 9. exd4 Bf5 10. h3 h5 11. Be3 Nb4 12. Rc1 d5 13. c5 Nd3 14. Rc2 Nb4 15.
Rd2 Qd7 16. a3 Na6 17. Kh2 Nc7 18. Nf4 Kh7 19. Qb3 Rfd8 20. Nd3 Bxd3 21. Rxd3
Ne6 22. f4 Bh6 23. f5 gxf5 24. Bxh6 Kxh6 25. Rxf5 Nxc5 26. Rxf6+ exf6 27. dxc5
Qf5 28. Rxd5 Rxd5 29. Qxd5 Qxd5 30. Nxd5 Rc8 31. b4 Kg7 32. Nc3 Rb8 33. Nb5 a5
34. Nd6 axb4 35. axb4 Kf8 36. Nxb7 Ke7 37. c6 Ra8 38. Nc5 Ra2 39. c7 1-0

[Event "GBR-ch76"]
[Site "Plymouth"]
[Date "1989.08.01"]
[Round "2.1"]
[White "Wells, Peter K"]
[Black "Chandler, Murray G"]
[Result "1/2-1/2"]
[WhiteElo "2400"]
[BlackElo "2585"]
[PlyCount "24"]
[EventDate "1989.07.31"]
[EventType "swiss"]
[EventRounds "11"]
[EventCountry "GBR"]
[SourceTitle "ChessBase 2017"]
[Source "ChessBase"]
[SourceDate "1990.06.01"]
[SourceVersion "1"]
[SourceVersionDate "1990.06.01"]
[SourceQuality "1"]

1. d4 Nf6 2. c4 e6 3. Nc3 Bb4 4. e3 O-O 5. Bd3 d5 6. Nf3 b6 7. O-O Bb7 8. cxd5
exd5 9. Ne5 Bd6 10. f4 c5 11. Qf3 Nc6 12. Qh3 h6 1/2-1/2

[Event "GBR-ch76"]
[Site "Plymouth"]
[Date "1989.08.01"]
[Round "2.2"]
[White "Hodgson, Julian M"]
[Black "Cooper, John Grantley"]
[Result "1/2-1/2"]
[WhiteElo "2535"]
[BlackElo "2390"]
[PlyCount "55"]
[EventDate "1989.07.31"]
[EventType "swiss"]
[EventRounds "11"]
[EventCountry "GBR"]
[SourceTitle "BritBase"]
[Source "John Saunders"]
[SourceDate "2023.12.16"]
[SourceVersion "1"]
[SourceVersionDate "2023.12.16"]
[SourceQuality "1"]

1. c4 Nf6 2. g3 e6 3. Nf3 d5 4. b3 Be7 5. Bg2 O-O 6. O-O b6 7. Bb2 Bb7 8. e3
Nbd7 9. d4 dxc4 10. bxc4 c5 11. Nbd2 Qc7 12. a4 Rac8 13. a5 Qb8 14. Qb1 Rfd8
15. Rd1 cxd4 16. exd4 Bb4 17. axb6 axb6 18. d5 Bxd2 19. Nxd2 exd5 20. Bxf6 Nxf6
21. Qxb6 Qc7 22. Qxc7 Rxc7 23. cxd5 Bxd5 24. Bxd5 Nxd5 25. Ne4 Rcc8 26. Ra7 h6
27. Ra6 Nc7 28. Rxd8+ 1/2-1/2

[Event "GBR-ch76"]
[Site "Plymouth"]
[Date "1989.08.01"]
[Round "2.3"]
[White "Hebden, Mark L"]
[Black "Lane, Gary William"]
[Result "1-0"]
[WhiteElo "2520"]
[BlackElo "2385"]
[PlyCount "53"]
[EventDate "1989.07.31"]
[EventType "swiss"]
[EventRounds "11"]
[EventCountry "GBR"]
[SourceTitle "BritBase"]
[Source "John Saunders"]
[SourceDate "2023.12.16"]
[SourceVersion "1"]
[SourceVersionDate "2023.12.16"]
[SourceQuality "1"]

1. e4 e5 2. Nf3 Nc6 3. Bb5 a6 4. Ba4 Nf6 5. O-O Be7 6. Bxc6 dxc6 7. Qe1 Nd7 8.
b3 O-O 9. Bb2 f6 10. d4 exd4 11. Nxd4 Nc5 12. Nd2 Re8 13. Nc4 Bd6 14. f3 Be6
15. Ne3 Qd7 16. Rd1 Qf7 17. Ndf5 Bf8 18. Qg3 Kh8 19. Qh4 Nd7 20. Kh1 Ne5 21. g4
g6 22. f4 gxf5 23. gxf5 Nd7 24. fxe6 Qxe6 25. Rxd7 Qxd7 26. Bxf6+ Bg7 27. Nf5
1-0

[Event "GBR-ch76"]
[Site "Plymouth"]
[Date "1989.08.01"]
[Round "2.4"]
[White "Ward, Christopher G"]
[Black "Conquest, Stuart C"]
[Result "1/2-1/2"]
[WhiteElo "2380"]
[BlackElo "2515"]
[PlyCount "120"]
[EventDate "1989.07.31"]
[EventType "swiss"]
[EventRounds "11"]
[EventCountry "GBR"]
[SourceTitle "BritBase"]
[Source "John Saunders"]
[SourceDate "2023.12.16"]
[SourceVersion "1"]
[SourceVersionDate "2023.12.16"]
[SourceQuality "1"]

1. d4 f5 2. Bg5 g6 3. Nc3 d5 4. h4 Bg7 5. Nh3 c6 6. e3 Nd7 7. Bd3 Qb6 8. Rb1 e5
9. dxe5 Nxe5 10. Bf4 Ne7 11. Ng5 h6 12. Bxe5 Bxe5 13. Nf3 Bf6 14. Ne2 Bd7 15.
c3 Qc7 16. a4 O-O 17. Nf4 Rae8 18. g3 Rf7 19. Kf1 Qd6 20. Qb3 b6 21. Rd1 g5 22.
Nh5 g4 23. Nd4 c5 24. Nb5 Qe5 25. Be2 Bh8 26. Nf4 a6 27. Na3 Qe4 28. Rg1 Bxa4
29. Qxb6 Bxd1 30. Bxd1 Be5 31. Bc2 Qf3 32. Qxh6 Bxf4 33. gxf4 c4 34. b4 cxb3
35. Bxb3 Rb8 36. Bc2 Rb2 37. Qxa6 Ra2 38. Qd6 Ra1+ 39. Nb1 Ra2 40. Na3 Ra1+ 41.
Nb1 Qh3+ 42. Ke2 Qh2 43. Rg3 Qxh4 44. Nd2 Qh1 45. Qd8+ Kh7 46. Qe8 Kg7 47. Kd3
Ra2 48. Qb8 Qc1 49. Qb1 Qa3 50. Nb3 Rb2 51. Qd1 Rf8 52. f3 Rc8 53. fxg4 Qa6+
54. Kd2 Qc4 55. gxf5+ Kf6 56. e4 dxe4 57. Kc1 Rxc2+ 58. Qxc2 Nxf5 59. Rg1 Ne3
60. Qd2 Qxc3+ 1/2-1/2

[Event "GBR-ch76"]
[Site "Plymouth"]
[Date "1989.08.01"]
[Round "2.5"]
[White "King, Daniel John"]
[Black "Crawley, Gavin"]
[Result "1/2-1/2"]
[WhiteElo "2495"]
[BlackElo "2380"]
[PlyCount "46"]
[EventDate "1989.07.31"]
[EventType "swiss"]
[EventRounds "11"]
[EventCountry "GBR"]
[SourceTitle "BritBase"]
[Source "John Saunders"]
[SourceDate "2023.12.16"]
[SourceVersion "1"]
[SourceVersionDate "2023.12.16"]
[SourceQuality "1"]

1. d4 Nf6 2. c4 e6 3. Nc3 Bb4 4. e3 b6 5. Bd3 Bb7 6. Nf3 O-O 7. O-O c5 8. Bd2
cxd4 9. exd4 d5 10. cxd5 Nxd5 11. Qe2 Nd7 12. Rac1 N7f6 13. Ne5 Rc8 14. Rfd1
Qe7 15. Ba6 Rfd8 16. h3 Bd6 17. Bg5 Nxc3 18. bxc3 Bxa6 19. Qxa6 h6 20. Bxf6
Qxf6 21. Qxa7 Bxe5 22. dxe5 Rxd1+ 23. Rxd1 Qxe5 1/2-1/2

[Event "GBR-ch76"]
[Site "Plymouth"]
[Date "1989.08.01"]
[Round "2.6"]
[White "Lalic, Susan Kathryn"]
[Black "Norwood, David Robert"]
[Result "0-1"]
[WhiteElo "2345"]
[BlackElo "2485"]
[PlyCount "80"]
[EventDate "1989.07.31"]
[EventType "swiss"]
[EventRounds "11"]
[EventCountry "GBR"]
[SourceTitle "BritBase"]
[Source "John Saunders"]
[SourceDate "2023.12.16"]
[SourceVersion "1"]
[SourceVersionDate "2023.12.16"]
[SourceQuality "1"]

1. e4 g6 2. d4 Bg7 3. Nc3 c6 4. Nf3 d6 5. Be2 Nf6 6. O-O O-O 7. Re1 Nbd7 8. Bf4
Nh5 9. Bg5 h6 10. Be3 e5 11. dxe5 dxe5 12. Qd2 Kh7 13. Rad1 Qf6 14. g3 Nb6 15.
Nh4 Bh3 16. Bxh5 gxh5 17. Qe2 Qe6 18. b3 Rg8 19. Rd3 Bf8 20. Nf5 Bg4 21. f3 Bh3
22. a4 Re8 23. a5 Nc8 24. Red1 b5 25. Rd7 Bb4 26. Nxb5 cxb5 27. Qxb5 Be7 28.
Nxh6 Rg6 29. Nf5 Bxf5 30. exf5 Qxf5 31. R7d5 Reg8 32. Rxe5 Qxf3 33. Rxh5+ Kg7
34. Bd4+ Kf8 35. Rd2 Rxg3+ 36. hxg3 Rxg3+ 37. Kh2 Bd6 38. Be5 Qxh5+ 39. Kxg3
Bxe5+ 40. Kf2 Bg3+ 0-1

[Event "GBR-ch76"]
[Site "Plymouth"]
[Date "1989.08.01"]
[Round "2.7"]
[White "Hennigan, Michael T"]
[Black "Levitt, Jonathan P"]
[Result "0-1"]
[WhiteElo "2345"]
[BlackElo "2480"]
[PlyCount "126"]
[EventDate "1989.07.31"]
[EventType "swiss"]
[EventRounds "11"]
[EventCountry "GBR"]
[SourceTitle "BritBase"]
[Source "John Saunders"]
[SourceDate "2023.12.16"]
[SourceVersion "1"]
[SourceVersionDate "2023.12.16"]
[SourceQuality "1"]

1. e4 e6 2. d4 d5 3. Nd2 c5 4. Ngf3 cxd4 5. exd5 Qxd5 6. Bc4 Qd6 7. O-O Nf6 8.
Nb3 Nc6 9. Nbxd4 Nxd4 10. Qxd4 Qxd4 11. Nxd4 a6 12. Bf4 Bc5 13. Rad1 b5 14. Be2
Bb7 15. Nb3 Bb6 16. Bd6 Rc8 17. c3 Bd5 18. Bb4 h5 19. Nd4 Bc5 20. Bxc5 Rxc5 21.
a4 Bc4 22. axb5 axb5 23. b4 Rc8 24. Bxc4 bxc4 25. Ra1 Nd5 26. Ne2 O-O 27. Ra5
Rfd8 28. Rfa1 h4 29. Kf1 g5 30. Ke1 Kg7 31. Rd1 Ra8 32. Rda1 Rac8 33. Rd1 Rd7
34. Rd2 Rcd8 35. Raa2 Kg6 36. Rd4 e5 37. Rdd2 f6 38. Kd1 Kf5 39. Kc1 g4 40.
Rab2 Ke4 41. Ra2 f5 42. g3 h3 43. Rac2 Nb6 44. Rxd7 Rxd7 45. Ng1 Rd3 46. Re2+
Kd5 47. Kc2 Na4 48. Rd2 e4 49. Ne2 Ke5 50. Nf4 Rxc3+ 51. Kd1 Rb3 52. Rd5+ Kf6
53. Ra5 Nb2+ 54. Kd2 Nd3 55. Ra6+ Kf7 56. Ra7+ Kf6 57. Ra6+ Ke7 58. Ra7+ Kd6
59. Ra6+ Kd7 60. Ra7+ Kc6 61. Ne2 Nxf2 62. Nd4+ Kb6 63. Nxb3 Kxa7 0-1

[Event "GBR-ch76"]
[Site "Plymouth"]
[Date "1989.08.01"]
[Round "2.8"]
[White "Barua, Dibyendu"]
[Black "Pigott, John C"]
[Result "1/2-1/2"]
[WhiteElo "2470"]
[BlackElo "2370"]
[PlyCount "124"]
[EventDate "1989.07.31"]
[EventType "swiss"]
[EventRounds "11"]
[EventCountry "GBR"]
[SourceTitle "BritBase"]
[Source "John Saunders"]
[SourceDate "2023.12.16"]
[SourceVersion "1"]
[SourceVersionDate "2023.12.16"]
[SourceQuality "1"]

1. e4 c5 2. Nf3 d6 3. d4 cxd4 4. Nxd4 Nf6 5. Nc3 a6 6. Be2 e5 7. Nb3 Be7 8. O-O
O-O 9. a4 Be6 10. f4 exf4 11. Bxf4 Nc6 12. Kh1 d5 13. e5 Ne4 14. Bd3 f5 15.
exf6 Bxf6 16. Nxe4 dxe4 17. Bxe4 Bc4 18. Bd3 Bxd3 19. cxd3 Bxb2 20. Rb1 Ba3 21.
Qf3 Rf7 22. Qe4 Qd7 23. Qc4 Raf8 24. Bg3 Kh8 25. Rxf7 Qxf7 26. Qxf7 Rxf7 27. d4
Rd7 28. Bf2 Kg8 29. g3 Kf7 30. Nd2 Be7 31. Nc4 Bd8 32. Kg2 Kf6 33. g4 g6 34.
Nd2 Kf7 35. Ne4 Be7 36. h3 Nb4 37. Rb3 Ke6 38. Rf3 h5 39. gxh5 gxh5 40. Ng3 Rd5
41. Be1 Nc2 42. Bc3 b5 43. axb5 axb5 44. Rf2 Ne3+ 45. Kf3 Nd1 46. Re2+ Kf7 47.
Ba1 Bb4 48. Rc2 h4 49. Rc7+ Kg6 50. Rc6+ Kf7 51. Ne4 Rf5+ 52. Ke2 Rf4 53. Ng5+
Ke8 54. Nf3 Ba3 55. d5 Nb2 56. Re6+ Kd8 57. Ne5 Nc4 58. Nc6+ Kc7 59. Nd4 Nd6
60. Nxb5+ Kd7 61. Nxd6 Bxd6 62. Bc3 Rf5 1/2-1/2

[Event "GBR-ch76"]
[Site "Plymouth"]
[Date "1989.08.01"]
[Round "2.9"]
[White "Collinson, Adam"]
[Black "Plaskett, H James"]
[Result "0-1"]
[WhiteElo "2285"]
[BlackElo "2460"]
[PlyCount "106"]
[EventDate "1989.07.31"]
[EventType "swiss"]
[EventRounds "11"]
[EventCountry "GBR"]
[SourceTitle "BritBase"]
[Source "John Saunders"]
[SourceDate "2023.12.16"]
[SourceVersion "1"]
[SourceVersionDate "2023.12.16"]
[SourceQuality "1"]

1. e4 c5 2. Nf3 d6 3. d4 Nf6 4. Nc3 cxd4 5. Nxd4 Nc6 6. Be2 e6 7. Be3 Be7 8.
O-O O-O 9. f4 e5 10. fxe5 Nxe5 11. Kh1 a6 12. a4 Bd7 13. Nf5 Bxf5 14. Rxf5 Rc8
15. Qd4 Qd7 16. Raf1 Qe6 17. Bg5 Rc5 18. Bxf6 Bxf6 19. Nd5 Nd7 20. Nxf6+ Nxf6
21. Rxc5 dxc5 22. Qxc5 Rc8 23. Qd4 Rxc2 24. e5 Rxe2 25. exf6 gxf6 26. h3 Re4
27. Qxf6 Qxf6 28. Rxf6 Rb4 29. Rf2 a5 30. Kg1 Rxa4 31. Kf1 Rb4 32. Ke1 Kg7 33.
Kd1 Rb3 34. Kc2 a4 35. Rf4 Rg3 36. Rxa4 Rxg2+ 37. Kb1 b5 38. Rb4 Rg5 39. Kc2
Rd5 40. Rf4 f5 41. Kc3 Kg6 42. h4 Kf6 43. Rf1 Ke5 44. Re1+ Kf4 45. Re7 h5 46.
Rg7 Ke4 47. Re7+ Kf3 48. Rg7 f4 49. b4 Ke4 50. Re7+ Kf5 51. Rg7 f3 52. Rg8 Kf4
53. Rf8+ Rf5 0-1

[Event "GBR-ch76"]
[Site "Plymouth"]
[Date "1989.08.01"]
[Round "2.10"]
[White "Beaumont, Chris R"]
[Black "Burgess, Graham K"]
[Result "1-0"]
[WhiteElo "2460"]
[BlackElo "2350"]
[PlyCount "149"]
[EventDate "1989.07.31"]
[EventType "swiss"]
[EventRounds "11"]
[EventCountry "GBR"]
[SourceTitle "BritBase"]
[Source "John Saunders"]
[SourceDate "2023.12.16"]
[SourceVersion "1"]
[SourceVersionDate "2023.12.16"]
[SourceQuality "1"]

1. Nf3 Nf6 2. c4 g6 3. Nc3 Bg7 4. e4 d6 5. d4 O-O 6. Be2 e5 7. O-O Nc6 8. d5
Ne7 9. Nd2 c6 10. b4 a5 11. bxa5 Qxa5 12. Qc2 c5 13. a4 Qd8 14. Nb3 Nd7 15. a5
f5 16. Bd2 Kh8 17. f3 f4 18. Na4 h5 19. Nb6 Nxb6 20. axb6 Rb8 21. Ra2 Bd7 22.
Rfa1 g5 23. Qd1 Rg8 24. Nc1 Bf6 25. h3 Nc8 26. Nd3 Qf8 27. Rb2 Bd8 28. Ba5 Qg7
29. Nf2 Ra8 30. Be1 Rb8 31. Ra3 Ne7 32. Qa1 Ng6 33. Ra8 Bf6 34. Rba2 Rxa8 35.
Rxa8 Bc8 36. Qa7 Kh7 37. Bd1 g4 38. hxg4 Bh4 39. Rb8 hxg4 40. fxg4 Bg3 41. Ra8
Rf8 42. Bf3 Kg8 43. Kf1 Qh7 44. Ke2 Qh2 45. Rxc8 Rxc8 46. Qxb7 Rf8 47. Qc7 Qh7
48. Qxd6 Ra8 49. b7 Ra2+ 50. Bd2 Qxb7 51. Qxg6+ Kf8 52. Qf6+ Kg8 53. Nd3 Qb3
54. Qe6+ Kf8 55. Qf6+ Kg8 56. Qg6+ Kf8 57. Qf6+ Kg8 58. d6 Qc3 59. Qe6+ Kf8 60.
Qe7+ Kg8 61. Qe8+ Kh7 62. Qf7+ Kh8 63. Qe8+ Kh7 64. Qd7+ Kg8 65. Qc8+ Kg7 66.
Qb7+ Kg6 67. Nxe5+ Qxe5 68. Qd5 Qxd5 69. cxd5 Bh4 70. e5 Bd8 71. Kd1 Ra1+ 72.
Kc2 Ra2+ 73. Kc1 Bg5 74. e6 Ra1+ 75. Kb2 1-0

[Event "GBR-ch76"]
[Site "Plymouth"]
[Date "1989.08.01"]
[Round "2.11"]
[White "Ledger, Andrew J"]
[Black "Arkell, Keith C"]
[Result "0-1"]
[WhiteElo "2225"]
[BlackElo "2450"]
[PlyCount "122"]
[EventDate "1989.07.31"]
[EventType "swiss"]
[EventRounds "11"]
[EventCountry "GBR"]
[SourceTitle "BritBase"]
[Source "John Saunders"]
[SourceDate "2023.12.16"]
[SourceVersion "1"]
[SourceVersionDate "2023.12.16"]
[SourceQuality "1"]

1. e4 c5 2. Nf3 e6 3. d3 Nc6 4. g3 g6 5. Bg2 Bg7 6. O-O Nge7 7. c3 d5 8. Qe2 d4
9. e5 dxc3 10. bxc3 b6 11. Rd1 Ba6 12. Qe4 Qc7 13. Qa4 Bb7 14. d4 O-O 15. Nbd2
Rfd8 16. Ne4 Nxd4 17. Nxd4 cxd4 18. cxd4 Qd7 19. Qa3 Bxe5 20. Bg5 Bxe4 21. Bxe7
Bd6 22. Bxd6 Bxg2 23. Be7 Re8 24. Bf6 Qd5 25. Qe3 Qf3 26. Be5 Qxe3 27. fxe3 Bd5
28. Rdc1 Rec8 29. Bc7 Kf8 30. a4 Ke7 31. Rc3 a6 32. Rac1 b5 33. Bd6+ Kd7 34.
Rxc8 Rxc8 35. Rxc8 Kxc8 36. axb5 axb5 37. Kf2 Kd7 38. Bf8 Kc6 39. Ke2 Be4 40.
Kd2 Kd5 41. Kc3 Bg2 42. g4 Ke4 43. Kd2 f6 44. Be7 Bh3 45. Bxf6 Bxg4 46. h4 h6
47. Be7 Bf3 48. Bf6 Kf5 49. Be7 g5 50. hxg5 hxg5 51. Ke1 g4 52. Bd6 Ke4 53. Kd2
Kd5 54. Bf4 Kc4 55. Bg3 Be4 56. Bd6 b4 57. Bg3 b3 58. Kc1 Kc3 59. Be1+ Kd3 60.
Bf2 Ke2 61. Bg1 g3 0-1

[Event "GBR-ch76"]
[Site "Plymouth"]
[Date "1989.08.01"]
[Round "2.12"]
[White "McNab, Colin Anderson"]
[Black "Large, Peter G"]
[Result "1-0"]
[WhiteElo "2435"]
[BlackElo "2340"]
[PlyCount "89"]
[EventDate "1989.07.31"]
[EventType "swiss"]
[EventRounds "11"]
[EventCountry "GBR"]
[SourceTitle "BritBase"]
[Source "John Saunders"]
[SourceDate "2023.12.16"]
[SourceVersion "1"]
[SourceVersionDate "2023.12.16"]
[SourceQuality "1"]

1. c4 e6 2. Nf3 Nf6 3. g3 d5 4. b3 c5 5. Bg2 Nc6 6. O-O Be7 7. e3 O-O 8. Bb2
dxc4 9. bxc4 Qb6 10. Qc1 Nb4 11. Ne1 Rd8 12. Nc3 Bd7 13. Rb1 Bc6 14. e4 Qa6 15.
a3 Nd3 16. Nxd3 Rxd3 17. Re1 Rdd8 18. Nd5 exd5 19. exd5 Bxd5 20. cxd5 Bf8 21.
Bxf6 Qxf6 22. Rxb7 Qa6 23. Rb3 Rab8 24. Rxb8 Rxb8 25. Qc3 g6 26. Qe5 Qd6 27.
Qxd6 Bxd6 28. Bf1 Kg7 29. Bc4 a5 30. Kg2 Rb2 31. d3 Kf6 32. Re8 Rb8 33. Re2 a4
34. f4 h5 35. Kf3 Rb1 36. Re8 Rf1+ 37. Kg2 Ra1 38. Ra8 Rxa3 39. Ra7 Rc3 40. Rd7
Rc2+ 41. Kf3 Bb8 42. d6 Rxc4 43. dxc4 Ke6 44. Rd8 Bxd6 45. Ra8 1-0

[Event "GBR-ch76"]
[Site "Plymouth"]
[Date "1989.08.01"]
[Round "2.14"]
[White "Emms, John M"]
[Black "Mestel, A Jonathan"]
[Result "1-0"]
[WhiteElo "2300"]
[BlackElo "2520"]
[PlyCount "63"]
[EventDate "1989.07.31"]
[EventType "swiss"]
[EventRounds "11"]
[EventCountry "GBR"]
[SourceTitle "BritBase"]
[Source "John Saunders"]
[SourceDate "2023.12.16"]
[SourceVersion "1"]
[SourceVersionDate "2023.12.16"]
[SourceQuality "1"]

1. e4 c5 2. c3 e6 3. d4 d5 4. exd5 exd5 5. Nf3 a6 6. Bd3 Nf6 7. O-O c4 8. Bc2
Be7 9. Ne5 O-O 10. Nd2 b5 11. Re1 Be6 12. Nf1 Qc8 13. Ng3 Nc6 14. Qf3 Bg4 15.
Qe3 Nxe5 16. dxe5 Ne8 17. Qf4 Nc7 18. h3 Be6 19. Nh5 Ne8 20. Re3 f5 21. exf6
Nxf6 22. Qe5 Bc5 23. Rf3 Ra7 24. Nxf6+ Rxf6 25. Rxf6 gxf6 26. Qh5 d4 27. cxd4
Bxd4 28. Bf4 Re7 29. Re1 Qd7 30. Rd1 Qa7 31. Be3 Rd7 32. Qe8+ 1-0

[Event "GBR-ch76"]
[Site "Plymouth"]
[Date "1989.08.01"]
[Round "2.16"]
[White "Nicholson, John Graham"]
[Black "Kosten, Anthony C"]
[Result "1/2-1/2"]
[WhiteElo "2295"]
[BlackElo "2500"]
[PlyCount "63"]
[EventDate "1989.07.31"]
[EventType "swiss"]
[EventRounds "11"]
[EventCountry "GBR"]
[SourceTitle "BritBase"]
[Source "John Saunders"]
[SourceDate "2023.12.16"]
[SourceVersion "1"]
[SourceVersionDate "2023.12.16"]
[SourceQuality "1"]

1. e4 g6 2. d4 Bg7 3. Nc3 d6 4. Be3 a6 5. a4 Nf6 6. h3 O-O 7. Nf3 d5 8. Bd3
dxe4 9. Nxe4 Nxe4 10. Bxe4 Nd7 11. O-O c5 12. dxc5 Qc7 13. c6 bxc6 14. c3 Nf6
15. Bd3 e5 16. Bc4 Rd8 17. Qe2 Nd5 18. a5 Nxe3 19. fxe3 Qe7 20. Kh1 Rf8 21. e4
Bh6 22. Rad1 Ra7 23. b4 Bf4 24. Ne1 h5 25. Nd3 Bg4 26. Qf2 Bxd1 27. Rxd1 Raa8
28. Nxf4 exf4 29. Qxf4 Rfd8 30. Rf1 Ra7 31. e5 Kg7 32. Kh2 1/2-1/2

[Event "GBR-ch76"]
[Site "Plymouth"]
[Date "1989.08.01"]
[Round "2.17"]
[White "Holland, Edward"]
[Black "Watson, William Nicholas"]
[Result "0-1"]
[WhiteElo "2310"]
[BlackElo "2495"]
[PlyCount "60"]
[EventDate "1989.07.31"]
[EventType "swiss"]
[EventRounds "11"]
[EventCountry "GBR"]
[SourceTitle "BritBase"]
[Source "John Saunders"]
[SourceDate "2023.12.16"]
[SourceVersion "1"]
[SourceVersionDate "2023.12.16"]
[SourceQuality "1"]

1. e4 g6 2. d4 Bg7 3. Nc3 d6 4. f4 c6 5. Nf3 Bg4 6. Be3 Qb6 7. Qd2 Bxf3 8. gxf3
Nd7 9. O-O-O Qa5 10. Bh3 Ngf6 11. Kb1 Nb6 12. Qd3 Qh5 13. Qf1 e6 14. Rg1 Qa5
15. f5 exf5 16. exf5 O-O 17. fxg6 fxg6 18. Be6+ Kh8 19. Rg5 d5 20. Qh3 Nc4 21.
Bc1 Nh5 22. Ne2 Rae8 23. b3 Na3+ 24. Bxa3 Qxa3 25. Rdg1 Rf6 26. Bg4 Rxe2 27.
Bxh5 Rfe6 28. Qh4 Rxc2 29. Kxc2 Re2+ 30. Kc3 Qa5+ 0-1

[Event "GBR-ch76"]
[Site "Plymouth"]
[Date "1989.08.01"]
[Round "2.18"]
[White "Motwani, Paul"]
[Black "Cooper, Lawrence"]
[Result "1/2-1/2"]
[WhiteElo "2490"]
[BlackElo "2300"]
[PlyCount "48"]
[EventDate "1989.07.31"]
[EventType "swiss"]
[EventRounds "11"]
[EventCountry "GBR"]
[SourceTitle "BritBase"]
[Source "John Saunders"]
[SourceDate "2023.12.16"]
[SourceVersion "1"]
[SourceVersionDate "2023.12.16"]
[SourceQuality "1"]

1. e4 e5 2. Nf3 Nc6 3. Bb5 a6 4. Ba4 Nf6 5. d4 exd4 6. O-O Be7 7. e5 Ne4 8.
Nxd4 Nxd4 9. Qxd4 Nc5 10. Nc3 O-O 11. Rd1 d6 12. Be3 Nxa4 13. Qxa4 Bd7 14. Qd4
Bc6 15. Bf4 dxe5 16. Qxe5 Bd6 17. Qd4 Be7 18. Qe3 Qe8 19. Bxc7 Bf6 20. Re1 Qxe3
21. Rxe3 Rfe8 22. Bf4 Rxe3 23. Bxe3 Bxc3 24. bxc3 Bd5 1/2-1/2

[Event "GBR-ch76"]
[Site "Plymouth"]
[Date "1989.08.01"]
[Round "2.20"]
[White "Cavendish, James"]
[Black "Muir, Andrew J"]
[Result "1/2-1/2"]
[WhiteElo "2390"]
[BlackElo "2250"]
[PlyCount "84"]
[EventDate "1989.07.31"]
[EventType "swiss"]
[EventRounds "11"]
[EventCountry "GBR"]
[SourceTitle "BritBase"]
[Source "John Saunders"]
[SourceDate "2023.12.16"]
[SourceVersion "1"]
[SourceVersionDate "2023.12.16"]
[SourceQuality "1"]

1. c4 e6 2. g3 d5 3. Nf3 Nf6 4. Bg2 Be7 5. O-O O-O 6. d4 dxc4 7. Qa4 a6 8. Qxc4
b5 9. Qc2 Bb7 10. Bd2 Be4 11. Qc1 b4 12. Bg5 Nbd7 13. Nbd2 Bd5 14. Rd1 Rc8 15.
Ne5 c5 16. Bxd5 exd5 17. Ndf3 c4 18. Nh4 Ne4 19. Bxe7 Qxe7 20. Nf5 Qe6 21. Qf4
g6 22. Nh6+ Kg7 23. Nhg4 Ndf6 24. Qh6+ Kg8 25. Ne3 c3 26. bxc3 Nxc3 27. Rd2
Nfe4 28. Rb2 a5 29. Nd3 Qf6 30. f3 Qxd4 31. fxe4 dxe4 32. Nf2 Nxe2+ 33. Rxe2
Qxa1+ 34. Kg2 f5 35. Qf4 Rc1 36. Nh3 Rc5 37. Ng5 Qe5 38. Qh4 Rc7 39. Rd2 Qc3
40. Rc2 Qxe3 41. Rxc7 Qe2+ 42. Kg1 Qe1+ 1/2-1/2

[Event "GBR-ch76"]
[Site "Plymouth"]
[Date "1989.08.01"]
[Round "2.22"]
[White "McDonald, Neil R"]
[Black "Flear, Christine"]
[Result "1-0"]
[WhiteElo "2360"]
[BlackElo "2170"]
[PlyCount "55"]
[EventDate "1989.07.31"]
[EventType "swiss"]
[EventRounds "11"]
[EventCountry "GBR"]
[SourceTitle "BritBase"]
[Source "John Saunders"]
[SourceDate "2023.12.16"]
[SourceVersion "1"]
[SourceVersionDate "2023.12.16"]
[SourceQuality "1"]

1. e4 e5 2. Nf3 Nc6 3. Bb5 a6 4. Ba4 Nf6 5. O-O Nxe4 6. d4 b5 7. Bb3 d5 8. dxe5
Be6 9. Nbd2 Nc5 10. c3 Be7 11. Nd4 Nxe5 12. f4 Bg4 13. Qe1 Nxb3 14. N2xb3 c5
15. Nxc5 Bxc5 16. Qxe5+ Kf8 17. f5 Bd6 18. Qe1 Qf6 19. Bf4 Bc5 20. Qg3 Bxf5 21.
Be5 Qg6 22. Rxf5 Bxd4+ 23. Bxd4 Qxf5 24. Qxg7+ Ke7 25. Re1+ Kd6 26. Rf1 Qh5 27.
g4 Rhg8 28. Rf6+ 1-0

[Event "GBR-ch76"]
[Site "Plymouth"]
[Date "1989.08.01"]
[Round "2.27"]
[White "Gayson, Peter M"]
[Black "Howell, James C"]
[Result "1/2-1/2"]
[WhiteElo "2250"]
[BlackElo "2395"]
[PlyCount "100"]
[EventDate "1989.07.31"]
[EventType "swiss"]
[EventRounds "11"]
[EventCountry "GBR"]
[SourceTitle "BritBase"]
[Source "John Saunders"]
[SourceDate "2023.12.16"]
[SourceVersion "1"]
[SourceVersionDate "2023.12.16"]
[SourceQuality "1"]

1. e4 e5 2. Nf3 Nc6 3. d4 exd4 4. Bc4 Nf6 5. O-O Nxe4 6. Re1 d5 7. Bxd5 Qxd5 8.
Nc3 Qa5 9. Nxe4 Be7 10. Bg5 f6 11. Nxf6+ gxf6 12. Bxf6 Rf8 13. Bxe7 Nxe7 14.
Qxd4 Qb6 15. Qe5 Qf6 16. Qxc7 Rg8 17. Re3 Bh3 18. g3 Kf8 19. Rae1 Rg7 20. Qxb7
Qc6 21. Qb4 Re8 22. Qf4+ Kg8 23. Qh4 Bc8 24. Rxe7 Rexe7 25. Rxe7 Rxe7 26. Qxe7
Qxf3 27. Qe8+ Qf8 28. Qxf8+ Kxf8 29. f4 Ke7 30. Kf2 Kd6 31. Ke3 Bf5 32. c3 Kd5
33. Kf3 h5 34. Ke3 Bb1 35. h3 Bf5 36. g4 hxg4 37. hxg4 Bxg4 38. b3 Bf5 39. c4+
Kc5 40. a4 a5 41. Kd2 Kb4 42. Kc1 Kc3 43. c5 Be4 44. Kd1 Kb4 45. c6 Bxc6 46. f5
Ka3 47. f6 Bd5 48. Kc2 Be6 49. Kd2 Bf7 50. b4 Kxb4 1/2-1/2